000 00302nam a22001337a 4500
008 171019b xxu||||| |||| 00| 0 eng d
020 _a9780136137795
041 _aeng
080 _a338
100 _a53
101 _aMNG
245 _aUNDERSTANDING AND IMPLEMENTING
_cGOETSCH, D.L
942 _2udc
_cBK
999 _c34843
_d34843